01081nam a22002777a 4500003000200000005001700002008003300019020001800052040002300070082002900093100003400122245010600156246003800262260004500300300002000345500007100365500002900436590002900465650003600494650003900530650003600569910004000605942001200645952012900657999001700786 20241018105109.0210915b 2024 dr | 00| 0 spa d a9789945801958 aBPMSUbSpa.cBPMSU 4aRD863.5bF475a 20242221 a Figueroa, Dania Victoria d 10aLas aventuras del lápiz viajero :bel reino de Dulci Landia en peligro /c Dania Victoria Figueroa 135Las aventuras del lápiz viajero aSanto Domingo :b[Sin Editorial], c2024 a22 p. ;c21 cm. aIncluye datos biográficos del autor en la solapa de la cubierta  aUna filosofía de vida  aInventariado, 2024/VM6  4aCuentos infantiles dominicanos  4aFelicidad vCuentos infantiles 2  4aLiteratura infantil dominicana  aVMateo V. Control de calidad BPMSU  2ddccBK 00102ddc40708CI-DaBPMETbBPMETd2024-10-18l0oBPMSU CDI RD863.5 F475a 2024pBPMSU24100032r2024-10-18w2024-10-18yBK c14834d14834